[Event "Marburg op-B"]
[Site "Marburg"]
[Date "2023.10.29"]
[Round "7"]
[White "Hensel, Roman"]
[Black "Friedel, Thomas"]
[Result "1-0"]
[WhiteElo "1341"]
[BlackElo "1541"]
[PlyCount "51"]
[EventDate "2023.10.26"]
[EventType "swiss"]
[EventRounds "7"]
[EventCountry "GER"]
[SourceTitle "CB49_2023"]
[SourceDate "2023.12.06"]
[SourceVersion "1"]
[SourceVersionDate "2023.12.06"]
[SourceQuality "1"]

1. e4 e5 2. Nf3 d6 3. d4 exd4 4. Nxd4 Nf6 5. Nc3 Be7 6. Bf4 Nbd7 7. Qd2 0-0 8. 0-0-0 Re8 9. f3 c6 10. Nf5 d5 11. Nxe7+ Rxe7 12. exd5 c5 13. Nb5 Nb6 14. d6 Rd7 15. Nc7 Rb8 16. Bb5 a6 17. Bxd7 Bxd7 18. Qa5 Nbd5 19. Bg5 h6 20. Rxd5 hxg5 21. Re5 Bc6 22. Qd2 Ne8 23. Nxe8 Bxe8 24. Rhe1 Qd7 25. Re7 Qb5 26. d7 1-0

[Event "Marburg op-B"]
[Site "Marburg"]
[Date "2023.10.28"]
[Round "4"]
[White "Alugili, Yosef"]
[Black "Friedel, Thomas"]
[Result "1/2-1/2"]
[WhiteElo "1448"]
[BlackElo "1541"]
[PlyCount "44"]
[EventDate "2023.10.26"]
[EventType "swiss"]
[EventRounds "7"]
[EventCountry "GER"]
[SourceTitle "CB49_2023"]
[SourceDate "2023.12.06"]
[SourceVersion "1"]
[SourceVersionDate "2023.12.06"]
[SourceQuality "1"]

1. e4 e5 2. Nf3 d6 3. d4 exd4 4. Nxd4 Nf6 5. Nc3 Be7 6. Bc4 0-0 7. 0-0 Re8 8. Bf4 Bf8 9. Re1 c6 10. Qf3 d5 11. Bf1 dxe4 12. Qd1 Bc5 13. Be3 Qb6 14. a3 Ng4 15. Na4 Nxe3 16. Rxe3 Qa5 17. c3 Bxd4 18. Qxd4 Qd5 19. Qxd5 cxd5 20. Rd1 Be6 21. c4 dxc4 22. Rxe4 Nc6 1/2-1/2

[Event "Heusenstamm Sparkassen op-B 6th"]
[Site "Heusenstamm"]
[Date "2019.11.23"]
[Round "5"]
[White "Friedel, Thomas"]
[Black "Gnandt, Michael"]
[Result "1-0"]
[WhiteElo "1631"]
[BlackElo "1434"]
[PlyCount "65"]
[EventDate "2019.11.21"]
[EventType "swiss"]
[EventRounds "7"]
[EventCountry "GER"]
[SourceTitle "CBM 194 Extra"]
[Source "ChessBase"]
[SourceDate "2020.03.31"]
[SourceVersion "1"]
[SourceVersionDate "2020.03.31"]
[SourceQuality "1"]

1. e4 e5 2. Nf3 Nc6 3. Bc4 Bc5 4. d3 Nf6 5. 0-0 a6 6. c3 d6 7. Bg5 Be6 8. Nbd2 0-0 9. Bxe6 fxe6 10. Qb3 Qc8 11. Rfe1 Na5 12. Qd1 Ba7 13. Nb3 Nc6 14. d4 exd4 15. cxd4 e5 16. d5 Ne7 17. Rc1 Ng6 18. h3 h6 19. Be3 Bxe3 20. Rxe3 Qd7 21. Qc2 Rac8 22. Rc3 Rf7 23. Nfd2 Nf4 24. Nf1 Qb5 25. Ng3 Qb6 26. Nd2 Nh7 27. Nc4 Qa7 28. Nxd6 Nxh3+ 29. gxh3 Qxf2+ 30. Qxf2 Rxf2 31. Kxf2 Rf8+ 32. Kg1 cxd6 33. Rc8 1-0

[Event "Heusenstamm Sparkassen op-B 6th"]
[Site "Heusenstamm"]
[Date "2019.11.22"]
[Round "3"]
[White "Friedel, Thomas"]
[Black "Winter, Thomas"]
[Result "1-0"]
[WhiteElo "1631"]
[BlackElo "1434"]
[PlyCount "93"]
[EventDate "2019.11.21"]
[EventType "swiss"]
[EventRounds "7"]
[EventCountry "GER"]
[SourceTitle "CBM 194 Extra"]
[Source "ChessBase"]
[SourceDate "2020.03.31"]
[SourceVersion "1"]
[SourceVersionDate "2020.03.31"]
[SourceQuality "1"]

1. e4 e5 2. Nf3 Nf6 3. Nc3 Bb4 4. d3 Nc6 5. Bd2 0-0 6. Be2 d6 7. 0-0 Re8 8. a3 Bc5 9. Na4 Bb6 10. Nxb6 axb6 11. Re1 Bg4 12. h3 Bxf3 13. Bxf3 Nd4 14. c3 Nxf3+ 15. Qxf3 Re6 16. Bg5 Qe8 17. Re3 Nd7 18. Rae1 Rg6 19. Bh4 Qe6 20. Qd1 Rf8 21. Bg3 f5 22. exf5 Rxf5 23. d4 Qe8 24. Qb3+ Kh8 25. Qd5 c6 26. Qb3 Re6 27. Qc2 Qg6 28. f4 Qh5 29. Qe2 b5 30. Qxh5 Rxh5 31. fxe5 d5 32. Rf1 Kg8 33. Ref3 Re7 34. Be1 Rh6 35. Bd2 Rg6 36. h4 h6 37. Kh2 Rge6 38. Ra1 Nb6 39. Raf1 Nd7 40. b3 Re8 41. Rf7 R6e7 42. Rxe7 Rxe7 43. Ra1 Nb6 44. g4 Rf7 45. Kg2 Kh7 46. Rf1 Kg6 47. h5+ 1-0

[Event "Rhein Main op-B 22nd"]
[Site "Bad Homburg"]
[Date "2019.06.23"]
[Round "7"]
[White "Friedel, Thomas"]
[Black "Winter, Thomas"]
[Result "1-0"]
[WhiteElo "1625"]
[BlackElo "1473"]
[PlyCount "37"]
[EventDate "2019.06.19"]
[EventType "swiss"]
[EventRounds "7"]
[EventCountry "GER"]
[SourceTitle "EXT 2020"]
[Source "ChessBase"]
[SourceDate "2019.10.17"]
[SourceVersion "1"]
[SourceVersionDate "2019.10.17"]
[SourceQuality "1"]

1. e4 d6 2. d4 Nf6 3. Nc3 e5 4. Nf3 exd4 5. Nxd4 Nbd7 6. Bg5 Be7 7. Bd3 0-0 8. 0-0 Nc5 9. Nf5 Nxd3 10. Nxe7+ Qxe7 11. Qxd3 Be6 12. Rfe1 c5 13. f4 Qc7 14. Bxf6 gxf6 15. f5 Bd7 16. Nd5 Qd8 17. Qg3+ Kh8 18. Qh4 Bc6 19. Nxf6 1-0

[Event "Eschborn op"]
[Site "Eschborn"]
[Date "2018.10.06"]
[Round "4"]
[White "Rashed, Mohamed Al Kendi"]
[Black "Friedel, Thomas"]
[Result "0-1"]
[WhiteElo "1562"]
[BlackElo "1529"]
[PlyCount "71"]
[EventDate "2018.10.05"]
[EventType "swiss"]
[EventRounds "5"]
[EventCountry "GER"]
[SourceTitle "CBM 187 Extra"]
[Source "ChessBase"]
[SourceDate "2018.11.04"]
[SourceVersion "1"]
[SourceVersionDate "2018.11.04"]
[SourceQuality "1"]

1. e4 e5 2. Nf3 Nc6 3. Bc4 Bc5 4. c3 Nf6 5. d4 exd4 6. cxd4 Bb4+ 7. Nc3 Nxe4 8. 0-0 Nxc3 9. bxc3 Be7 10. Qb3 0-0 11. Ne5 Nxe5 12. dxe5 c6 13. Rd1 Qc7 14. Bf4 b5 15. Bxf7+ Rxf7 16. Qxf7+ Kxf7 17. e6+ Kxe6 18. Bxc7 d5 19. Re1+ Kf7 20. Re3 Bg5 21. Rf3+ Kg6 22. Rg3 Kf5 23. Re1 Bf6 24. Re8 Bb7 25. Rxa8 Bxa8 26. Re3 d4 27. cxd4 Bxd4 28. Re8 Bb7 29. Rb8 Ba6 30. a4 Ke6 31. axb5 Bxb5 32. Rd8 Be5 33. g4 Bxc7 34. Rh8 Bd3 35. f4 Kf7 36. f5 0-1

[Event "Frankfurt-chA"]
[Site "Frankfurt"]
[Date "2018.06.04"]
[Round "5"]
[White "Schneider, Till"]
[Black "Friedel, Thomas"]
[Result "0-1"]
[WhiteElo "1371"]
[BlackElo "1496"]
[PlyCount "62"]
[EventDate "2018.04.30"]
[EventType "swiss"]
[EventRounds "7"]
[EventCountry "GER"]
[SourceTitle "EXT 2019"]
[Source "ChessBase"]
[SourceDate "2018.10.10"]
[SourceVersion "1"]
[SourceVersionDate "2018.10.10"]
[SourceQuality "1"]

1. e4 e5 2. Nf3 Nc6 3. d4 exd4 4. Bc4 Nf6 5. 0-0 d5 6. exd5 Nxd5 7. c3 Be7 8. Qb3 Na5 9. Qb5+ c6 10. Qa4 Nxc4 11. Qxc4 dxc3 12. bxc3 0-0 13. Ba3 Bxa3 14. Nxa3 Be6 15. Nd4 Re8 16. Nxe6 Rxe6 17. Rad1 Qa5 18. Nb1 Rae8 19. Rd2 Re4 20. Qd3 Qc5 21. h3 Nf4 22. Qd7 R4e7 23. Qg4 Ne2+ 24. Kh1 Nxc3 25. Rc2 Re1 26. Rxe1 Rxe1+ 27. Kh2 Qd6+ 28. g3 Rxb1 29. Rxc3 g6 30. Rc2 Qd5 31. f3 Qd1 0-1

[Event "Heusenstamm Sparkassen op-B 4th"]
[Site "Heusenstamm"]
[Date "2017.11.26"]
[Round "6"]
[White "Grabs, Peter1111"]
[Black "Friedel, Thomas"]
[Result "1-0"]
[WhiteElo "1481"]
[BlackElo "1582"]
[PlyCount "117"]
[EventDate "2017.11.23"]
[EventType "swiss"]
[EventRounds "7"]
[EventCountry "GER"]
[SourceTitle "EXT 2019"]
[Source "ChessBase"]
[SourceDate "2018.10.10"]
[SourceVersion "1"]
[SourceVersionDate "2018.10.10"]
[SourceQuality "1"]

1. e4 e5 2. Nf3 d6 3. Bc4 Be7 4. d3 Nf6 5. h3 0-0 6. Be3 Nc6 7. c3 Na5 8. Bb5 a6 9. Ba4 Be6 10. Ng5 Bd7 11. Nd2 Qe8 12. Bxd7 Qxd7 13. 0-0 Rad8 14. c4 b5 15. b3 Nb7 16. Rc1 c6 17. Ngf3 Nh5 18. Nxe5 dxe5 19. Qxh5 Ba3 20. Rcd1 Qe6 21. Nb1 Bb4 22. Bd2 Bxd2 23. Rxd2 Nc5 24. Rfd1 Rd4 25. f4 g6 26. Qxe5 Qxe5 27. fxe5 Re8 28. Na3 Rxe5 29. Nc2 Ne6 30. Nxd4 Nxd4 31. Kf2 b4 32. Ke3 c5 33. Kf4 f6 34. h4 a5 35. Rb2 Ne6+ 36. Kf3 Nd4+ 37. Kg3 h5 38. Kf2 Kf7 39. g3 Ke6 40. Ra1 Kd6 41. a3 Kc6 42. axb4 cxb4 43. Ke3 Nf5+ 44. Kf3 Nd4+ 45. Kg2 f5 46. Rf1 fxe4 47. Rf6+ Re6 48. Rxe6+ Nxe6 49. dxe4 Nd4 50. Kf2 Kd6 51. Rb1 Ke5 52. Ke3 Nc2+ 53. Kd3 Nd4 54. Rb2 Ne6 55. Rb1 Nc5+ 56. Ke3 Kd6 57. Rd1+ Kc7 58. e5 Kc8 59. Rd5 1-0

[Event "Rhein Main op-B 20th"]
[Site "Bad Homburg"]
[Date "2017.06.18"]
[Round "7"]
[White "Friedel, Thomas"]
[Black "Happel, Janik"]
[Result "1-0"]
[WhiteElo "1567"]
[BlackElo "1402"]
[PlyCount "101"]
[EventDate "2017.06.14"]
[EventType "swiss"]
[EventRounds "7"]
[EventCountry "GER"]
[SourceTitle "EXT 2018"]
[Source "ChessBase"]
[SourceDate "2017.10.13"]
[SourceVersion "1"]
[SourceVersionDate "2017.10.13"]
[SourceQuality "1"]

1. e4 c5 2. Nf3 Nc6 3. Bb5 d6 4. d4 cxd4 5. Nxd4 Bd7 6. Nxc6 Bxc6 7. Bxc6+ bxc6 8. Nc3 Nf6 9. 0-0 g6 10. Bg5 Bg7 11. Qd2 0-0 12. Bh6 Rb8 13. Bxg7 Kxg7 14. b3 Qa5 15. Rad1 Rfd8 16. Rfe1 Kg8 17. f3 Qc5+ 18. Qe3 Qxe3+ 19. Rxe3 d5 20. Red3 e6 21. exd5 Nxd5 22. Ne4 Rdc8 23. a3 c5 24. Nd6 Rc6 25. Nc4 Nb6 26. Ne5 Rc7 27. c4 Kg7 28. Kf2 Rbb7 29. Ke2 f6 30. Ng4 Rd7 31. Nf2 Rxd3 32. Rxd3 Rd7 33. Ne4 Rxd3 34. Kxd3 Nd7 35. b4 Ne5+ 36. Kc3 cxb4+ 37. axb4 f5 38. Nc5 Kf7 39. b5 Ke7 40. Kd4 Kd6 41. Nb7+ Kc7 42. Kxe5 Kxb7 43. Kxe6 Kb6 44. Kd6 Kb7 45. c5 Kc8 46. Kc6 h5 47. h4 f4 48. Kd6 Kb7 49. Kd7 a5 50. bxa6+ Kxa6 51. c6 1-0

[Event "Rhein Main op-B 20th"]
[Site "Bad Homburg"]
[Date "2017.06.17"]
[Round "6"]
[White "Bjoerknes, Uwe"]
[Black "Friedel, Thomas"]
[Result "1-0"]
[WhiteElo "1689"]
[BlackElo "1567"]
[PlyCount "43"]
[EventDate "2017.06.14"]
[EventType "swiss"]
[EventRounds "7"]
[EventCountry "GER"]
[SourceTitle "EXT 2018"]
[Source "ChessBase"]
[SourceDate "2017.10.13"]
[SourceVersion "1"]
[SourceVersionDate "2017.10.13"]
[SourceQuality "1"]

1. e4 e5 2. Bb5 Nf6 3. d4 Nxe4 4. dxe5 Bc5 5. Qg4 Bxf2+ 6. Kf1 Qh4 7. Qxg7 Rf8 8. Bh6 Bc5 9. g3 Nxg3+ 10. Qxg3 Qxh6 11. Nc3 a6 12. Bd3 d6 13. Re1 Be6 14. Ne4 Bxg1 15. Kxg1 dxe5 16. Qxe5 Rg8+ 17. Ng3 c6 18. Qc7 Qd2 19. Re2 Qc1+ 20. Kg2 Qxb2 21. Qc8+ Ke7 22. Qxg8 1-0

[Event "Frankfurt-chA"]
[Site "Frankfurt"]
[Date "2017.06.12"]
[Round "7"]
[White "Friedel, Thomas"]
[Black "Thede, Stefan"]
[Result "1/2-1/2"]
[WhiteElo "1481"]
[BlackElo "1649"]
[PlyCount "46"]
[EventDate "2017.04.24"]
[EventType "swiss"]
[EventRounds "7"]
[EventCountry "GER"]
[SourceTitle "EXT 2018"]
[Source "ChessBase"]
[SourceDate "2017.10.13"]
[SourceVersion "1"]
[SourceVersionDate "2017.10.13"]
[SourceQuality "1"]

1. e4 d6 2. d4 Nf6 3. Nc3 g6 4. f4 Bg7 5. Nf3 0-0 6. Bd3 c6 7. 0-0 Qc7 8. h3 Nbd7 9. e5 Nd5 10. Nxd5 cxd5 11. c3 Nb6 12. Qe2 Be6 13. Ng5 Qc8 14. Qf2 Bf5 15. Qc2 Bxd3 16. Qxd3 f6 17. Nf3 dxe5 18. fxe5 Qc4 19. Qxc4 dxc4 20. exf6 exf6 21. Bd2 Nd5 22. Rfe1 Rfe8 23. Kf2 Kf7 1/2-1/2

[Event "Heusenstamm Sparkassen op-B 3rd"]
[Site "Heusenstamm"]
[Date "2016.11.27"]
[Round "3"]
[White "Laznik, Zeljko"]
[Black "Friedel, Thomas"]
[Result "0-1"]
[WhiteElo "1198"]
[BlackElo "1578"]
[PlyCount "110"]
[EventDate "2016.11.27"]
[EventType "swiss"]
[EventRounds "7"]
[EventCountry "GER"]
[SourceTitle "EXT 2018"]
[Source "ChessBase"]
[SourceDate "2017.10.13"]
[SourceVersion "1"]
[SourceVersionDate "2017.10.13"]
[SourceQuality "1"]

1. e4 e5 2. Nf3 Nc6 3. Nc3 Nf6 4. Bc4 Bc5 5. h3 0-0 6. d3 d6 7. Bg5 Be6 8. Bxe6 fxe6 9. Na4 Bb4+ 10. c3 Ba5 11. b4 Bb6 12. Nxb6 axb6 13. a3 b5 14. 0-0 Ne7 15. Nh2 Qd7 16. Ng4 Nxg4 17. Qxg4 Ng6 18. g3 Qf7 19. Ra2 Ne7 20. Kg2 Nc6 21. f4 exf4 22. Rxf4 Qg6 23. d4 Rxf4 24. Qxf4 h6 25. Bh4 Rf8 26. Qe3 e5 27. d5 Nb8 28. a4 bxa4 29. Rxa4 Na6 30. g4 Rf4 31. Bg3 Qxe4+ 32. Qxe4 Rxe4 33. Kf2 Rc4 34. Ra3 c6 35. dxc6 bxc6 36. Rxa6 Rxc3 37. Kg2 Rc2+ 38. Bf2 d5 39. Ra7 e4 40. Kg3 Rc3+ 41. Kf4 Rf3+ 42. Ke5 Rxf2 43. Ra3 Rf3 44. Ra6 Rf6 45. h4 e3 46. Ra1 e2 47. Re1 Kf7 48. g5 hxg5 49. hxg5 Re6+ 50. Kd4 Kg6 51. Kd3 Kxg5 52. Rxe2 Rxe2 53. Kxe2 Kf4 54. Kd3 Ke5 55. Ke3 g5 0-1

[Event "Eschborn op"]
[Site "Eschborn"]
[Date "2016.09.03"]
[Round "2"]
[White "Friedel, Thomas"]
[Black "Ross, Heinrich"]
[Result "0-1"]
[WhiteElo "1426"]
[BlackElo "1352"]
[PlyCount "43"]
[EventDate "2016.09.02"]
[EventType "swiss"]
[EventRounds "5"]
[EventCountry "GER"]
[SourceTitle "EXT 2018"]
[Source "ChessBase"]
[SourceDate "2017.10.13"]
[SourceVersion "1"]
[SourceVersionDate "2017.10.13"]
[SourceQuality "1"]

1. e4 e5 2. Nf3 Nc6 3. Bc4 d6 4. d3 Be7 5. h3 Nf6 6. Nc3 a6 7. Be3 0-0 8. Qd2 Bd7 9. a3 Rb8 10. 0-0 Kh8 11. Ng5 Be8 12. Nd5 Nxd5 13. Bxd5 Bxg5 14. Bxg5 f6 15. Be3 Ne7 16. Bb3 c5 17. c3 b6 18. d4 Bf7 19. Bxf7 Rxf7 20. dxe5 dxe5 21. Qxd8+ Rxd8 22. Rad1 0-1

[Event "Rhein Main op-B 19th"]
[Site "Bad Homburg"]
[Date "2016.05.27"]
[Round "4"]
[White "Friedel, Thomas"]
[Black "Zahury, Said"]
[Result "1-0"]
[WhiteElo "1598"]
[BlackElo "1420"]
[PlyCount "91"]
[EventDate "2016.05.25"]
[EventType "swiss"]
[EventRounds "7"]
[EventCountry "GER"]
[SourceTitle "EXT 2017"]
[Source "ChessBase"]
[SourceDate "2016.10.25"]
[SourceVersion "1"]
[SourceVersionDate "2016.10.25"]
[SourceQuality "1"]

1. e4 e5 2. Nf3 d6 3. Nc3 a6 4. Bc4 h6 5. 0-0 Nf6 6. d4 c6 7. dxe5 Nxe4 8. Bxf7+ Kxf7 9. Nxe4 d5 10. c4 Bf5 11. Nc3 Bb4 12. cxd5 Bxc3 13. bxc3 Qxd5 14. Qxd5+ cxd5 15. Nd4 Be6 16. Ba3 Re8 17. Rfd1 Nc6 18. f4 Nxd4 19. cxd4 Kg8 20. Bd6 Rac8 21. Rac1 b5 22. Bc5 Bf5 23. Ra1 Kh7 24. a4 Bc2 25. Rdc1 Bxa4 26. Rxa4 bxa4 27. Ra1 Ra8 28. Rxa4 Kg8 29. Ra5 Reb8 30. Ra3 a5 31. Ra4 Kf7 32. f5 Rb5 33. Kf2 Rc8 34. h4 Ra8 35. Ke3 Rb2 36. g3 Rc2 37. Kf4 Rc4 38. e6+ Kg8 39. Rxc4 dxc4 40. d5 a4 41. Ba3 Rf8 42. h5 Rb8 43. d6 Rb3 44. d7 Rxa3 45. d8Q+ Kh7 46. e7 1-0

[Event "Frankfurt-chA"]
[Site "Frankfurt"]
[Date "2016.05.23"]
[Round "4"]
[White "Kiel, Gerhard"]
[Black "Friedel, Thomas"]
[Result "1-0"]
[WhiteElo "1466"]
[BlackElo "1388"]
[PlyCount "73"]
[EventDate "2016.04.25"]
[EventType "swiss"]
[EventRounds "9"]
[EventCountry "GER"]
[SourceTitle "EXT 2018"]
[Source "ChessBase"]
[SourceDate "2017.10.13"]
[SourceVersion "1"]
[SourceVersionDate "2017.10.13"]
[SourceQuality "1"]

1. c4 Nf6 2. Nc3 e6 3. g3 d5 4. d4 c6 5. Bg2 dxc4 6. Nf3 Nbd7 7. Bg5 Be7 8. 0-0 0-0 9. Qc2 Nd5 10. Ne4 b5 11. Bxe7 Qxe7 12. Neg5 g6 13. h4 h6 14. Nh3 Bb7 15. e4 Nb4 16. Qd2 Kg7 17. a3 Nd3 18. Ne1 Nxe1 19. Raxe1 Nf6 20. f4 Rad8 21. e5 Ng8 22. f5 exf5 23. Nf4 g5 24. Nh5+ Kg6 25. g4 f4 26. hxg5 hxg5 27. Be4+ Kh6 28. Nxf4 f5 29. Qh2+ Kg7 30. Nh5+ Kf7 31. Bxf5 Nh6 32. Bd7+ Kg8 33. Nf6+ Kg7 34. Qh5 Rxd7 35. Qxg5+ Kf7 36. e6+ Qxe6 37. Nxd7+ 1-0